Plešné jezero a kůrovec /

Hlavní autor: Kaňa, Jiří, 1977-
Další autoři: Porcal, Petr, Choma, Michal
Jazyk: Čeština
Vydáno: V Českých Budějovicích : Biologické centrum AV ČR, v.v.i., Hydrobiologický ústav :Jihočeská univerzita, Přírodovědecká fakulta, [2020]
Témata:
Fyzický popis: 37 stran : ilustrace (převážně barevné), 1 mapa, portréty ; 22 cm
Knihy
Uloženo v:
LEADER 02809nam a2200709 i 4500
001 nkc20203266935
003 CZ PrNK
005 20210701121839.0
007 ta
008 201130s2020 xr abc e f 000 0 cze
015 |a cnb003266935 
020 |a 978-80-86668-74-1  |q (Biologické centrum AV ČR ;  |q brožováno) 
035 |a (OCoLC)1263257087 
040 |a BOA001  |b cze  |e rda 
043 |a e-xr---  |b e-xr-cc  |2 czenas 
072 7 |a 630  |x Lesnictví  |2 Konspekt  |9 24 
080 |a 581.526.426  |2 MRF 
080 |a 630.4  |2 MRF 
080 |a 595.768.2  |2 MRF 
080 |a 630.23  |2 MRF 
080 |a 581.526.42  |2 MRF 
080 |a 631.41/.42  |2 MRF 
080 |a 556.1  |2 MRF 
080 |a (437.31-13)  |2 MRF 
080 |a (036)  |2 MRF 
100 1 |a Kaňa, Jiří,  |d 1977-  |7 stk2007393625  |4 aut  |4 pht 
245 1 0 |a Plešné jezero a kůrovec /  |c Jiří Kaňa, Petr Porcal, Michal Choma 
264 1 |a V Českých Budějovicích :  |b Biologické centrum AV ČR, v.v.i., Hydrobiologický ústav :  |b Jihočeská univerzita, Přírodovědecká fakulta,  |c [2020] 
300 |a 37 stran :  |b ilustrace (převážně barevné), 1 mapa, portréty ;  |c 22 cm 
336 |a text  |b txt  |2 rdacontent 
336 |a statický obraz  |b sti  |2 rdacontent 
337 |a bez média  |b n  |2 rdamedia 
338 |a svazek  |b nc  |2 rdacarrier 
504 |a Obsahuje bibliografii 
650 0 7 |a jehličnaté lesy  |7 ph162481  |z Česko  |2 czenas 
650 0 7 |a poškození lesa  |7 ph124479  |z Česko  |2 czenas 
650 0 7 |a lýkožrout smrkový  |7 ph174641  |2 czenas 
650 0 7 |a obnova lesních porostů  |7 ph136605  |z Česko  |2 czenas 
650 0 7 |a lesní ekosystémy  |7 ph115113  |z Česko  |2 czenas 
650 0 7 |a chemie půdy  |7 ph136715  |z Česko  |2 czenas 
650 0 7 |a hydrologický cyklus  |7 ph194817  |z Česko  |2 czenas 
650 0 9 |a coniferous forests  |z Czechia  |2 eczenas 
650 0 9 |a damage to forests  |z Czechia  |2 eczenas 
650 0 9 |a Ips typographus  |2 eczenas 
650 0 9 |a afforestation  |z Czechia  |2 eczenas 
650 0 9 |a forest ecosystems  |z Czechia  |2 eczenas 
650 0 9 |a soil chemistry  |z Czechia  |2 eczenas 
650 0 9 |a hydrologic cycle  |z Czechia  |2 eczenas 
651 7 |a Národní park Šumava (Česko)  |7 ge128533  |2 czenas 
651 7 |a Plešné jezero (Česko)  |7 ge130436  |2 czenas 
651 9 |a Šumava National Park (Czechia)  |2 eczenas 
651 9 |a Plešné Lake (Czechia)  |2 eczenas 
655 7 |a případové studie  |7 fd133208  |2 czenas 
655 7 |a případové studie  |7 fd133208  |2 czenas 
700 1 |a Porcal, Petr  |7 mzk20211112144  |4 aut  |4 pht 
700 1 |a Choma, Michal  |7 mzk20211112160  |4 aut 
910 2 |a BOA001  |b 2-1464.038 
928 9 |a Akademie věd České republiky, Biologické centrum 
990 |a BK 
995 |a 01 
991 |b 202105  |c NOV 
996 6 |b 2610862744  |c 2-1464.038  |l MZK  |r Sklad / do 1 hodiny  |n 0  |p p.v.  |w 001849556  |u 000010  |a 1  |e BOA001  |j MZK50  |s P